000 00719nam a2200205Ii 4500
003 JO-AjNU
008 230605s9999||||xx |||||||||||||| ||und||
040 _aJO-AjNU
_bara
_erda
_cJO-AjNU
041 _aara
050 1 4 _aZ675.A82.H3 1978
100 3 _aتاليف حمادة ، محمد ماهر ,
_eauthor
_920235
245 0 0 _a المكتبات في الإسلام : نشأتها وتطورها ومصائرها
250 _aط2
264 3 1 _aبيروت : مؤسسة الرسالة، 1978
300 _a232ص
336 _atext
_btxt
_2rdacontent
337 _aunmediated
_bn
_2rdamedia
338 _avolume
_bnc
_2rdacarrier
650 4 _aالمكتبات -- البلاد الإسلامية -- تاريخ
_920236
999 _aA6822
_c10390
_d10390